| 000 | 00771nam a22001817a 4500 | ||
|---|---|---|---|
| 003 | NUST | ||
| 005 | 20230220092054.0 | ||
| 020 | _a8120329716 | ||
| 082 | _a621.367,JOS | ||
| 100 |
_aA. Joshi, Madhuri _9109233 |
||
| 245 |
_aDigital Image Processing : _ban Algorithmic Approcah / _cMadhuri A. Joshi, |
||
| 260 |
_aPrentice Hall _bIndia _c2006 |
||
| 300 | _axvii, 337 p | ||
| 505 | _aDigital Image Processing (Page-1), Different Image Transforms (Page-38), Image Enhancement (Page-69), Restoration (Page-97), Image Analysis (Page-110), Applications of Image Processing (Page-144), Image Coding and Image Compression (Page-175), Computer Tomograpy (Page-218). | ||
| 650 |
_aDigital Image Processing _9109234 |
||
| 651 |
_aAlgorithmic Approcah _9109235 |
||
| 942 |
_2ddc _cBK |
||
| 999 |
_c593356 _d593356 |
||